Researching education through actor-network theory /

Bibliographic Details
Other Authors: Edwards, Richard, 1956 July 2-, Fenwick, Tara J.
Format: eBook
Language:English
Published: Malden, MA : John Wiley & Sons, 2012.
Series:Wiley Online Library.
Subjects:
Online Access:Connect to the full text of this electronic book

MARC

Tag First Indicator Second Indicator Subfields
LEADER 00000cam a22000008a 4500
001 in00002782333
005 20210728124843.0
006 m o d
007 cr cn|||||||||
008 120206s2012 mau ob 001 0 eng
010 |a  2012005281 
019 |a 793104208 
020 |a 1118274881 (electronic bk.) 
020 |a 1118275829 (electronic bk.) 
020 |a 9781118274880 (electronic bk.) 
020 |a 9781118275825 (electronic bk.) 
020 |z 1118274881 
020 |z 1118275853 
020 |z 1118275861 
020 |z 9781118026090 (pbk.) 
020 |z 9781118275856 
020 |z 9781118275863 
035 |a (OCoLC)775591924  |z (OCoLC)793104208 
035 |a (OCoLC)ocn775591924 
035 |a 3997034 
037 |a 10.1002/9781118275825  |b Wiley InterScience  |n http://www3.interscience.wiley.com 
040 |a DLC  |b eng  |c DLC  |d N$T  |d EBLCP  |d DG1  |d TXA  |d UtOrBLW 
042 |a pcc 
049 |a TXAM 
050 4 |a LB1028  |b .R384 2012eb 
072 7 |a EDU  |x 037000  |2 bisacsh 
082 0 0 |a 370.72  |2 23 
245 0 0 |a Researching education through actor-network theory /  |c edited by Tara Fenwick and Richard Edwards. 
263 |a 1205 
264 1 |a Malden, MA :  |b John Wiley & Sons,  |c 2012. 
300 |a 1 online resource (xxiii, 119 pages) 
336 |a text  |b txt  |2 rdacontent 
337 |a computer  |b c  |2 rdamedia 
338 |a online resource  |b cr  |2 rdacarrier 
490 0 |a Educational philosophy and theory special issues 
500 |a Electronic resource. 
504 |a Includes bibliographical references and index. 
505 0 |a Introduction / Tara Fenwick and Richard Edwards -- Devices and educational change / Jan Nespor -- Translating the prescribed into the enacted curriculum in college and school / Richard Edwards -- Unruly practices: what a sociology of translations can offer to educational policy analysis / Mary Hamilton -- ANT on the PISA trail: following the statistical pursuit of certainty / Radhika Gorur -- Assembling the "accomplished" teacher: the performativity and politics of professional teaching standards / Dianne Mulcahy -- Reading educational reform with actor network theory: fluid spaces, otherings, and ambivalences / Tara Fenwick. 
588 |a Description based on print version record and CIP data provided by publisher. 
650 0 |a Actor-network theory.  |0 http://id.loc.gov/authorities/subjects/sh2005001263 
650 0 |a Education  |x Research  |x Methodology.  |0 http://id.loc.gov/authorities/subjects/sh2008102810 
650 7 |a EDUCATION / Research.  |2 bisacsh 
655 7 |a Electronic books.  |2 local 
700 1 |a Edwards, Richard,  |d 1956 July 2-  |0 http://id.loc.gov/authorities/names/n94018988 
700 1 |a Fenwick, Tara J.  |0 http://id.loc.gov/authorities/names/no2002005779 
776 0 8 |i Print version:  |t Researching education through actor-network theory  |d Malden, MA : John Wiley & Sons, 2012  |z 9781118026090 (pbk.)  |w (DLC) 2012001068 
830 0 |a Wiley Online Library. 
856 4 0 |u http://proxy.library.tamu.edu/login?url=https://dx.doi.org/10.1002/9781118275825  |z Connect to the full text of this electronic book  |t 0 
948 |a cataloged  |b h  |c 2012/6/8  |d c  |e jlanham  |f 12:26:59 pm 
994 |a C0  |b TXA 
999 |a MARS 
999 f f |s 5036fa85-5b55-3156-8596-6f05ff7d2fd5  |i ff5cafd5-312f-3d99-a230-6698fe5b00d9  |t 0 
952 f f |a Texas A&M University  |b College Station  |c Electronic Resources  |d Available Online  |t 0  |e LB1028 .R384 2012eb  |h Library of Congress classification 
998 f f |a LB1028 .R384 2012eb  |t 0  |l Available Online